SZA - 20 Something (All Lyrics) - Statistics

General Stats
  • This quiz has been taken 166 times
    159 since last reset
  • The average score is 275 of 382
Answer Stats
Answer % Correct
I
100%
a
98%
How
97%
me,
97%
me
97%
you
96%
You
96%
so
95%
So,
95%
20-
94%
Something,
94%
Something
94%
something,
94%
ain't
92%
Ain't
92%
the
92%
in
90%
be?
89%
it
89%
it.
89%
it!
89%
Ms.
89%
my
89%
was
89%
got
88%
miss
88%
Not
88%
not
88%
say
88%
gettin'
87%
could
85%
nothin',
84%
love
83%
love,
83%
name
83%
way
83%
hurts
82%
movin'
82%
all
81%
from
80%
were
80%
when
80%
Honesty
79%
on
79%
runnin'
79%
Wish
79%
forward?
78%
older
78%
Stuck
78%
stuck
78%
thing
77%
bless
76%
bless,
76%
God
76%
(God
76%
here,
76%
need
76%
still
76%
still,
76%
that?
76%
That
76%
that
76%
alone
75%
of
75%
away?
74%
far
74%
to
74%
short?
72%
them
72%
Why
72%
you're
72%
fallin'
71%
somethings,
71%
somethings
71%
That's
69%
that's
69%
bored?
68%
fear
68%
gotta
68%
oh
68%
oh)
68%
Good
67%
good
67%
luck
66%
kill
64%
out
64%
friends,
63%
friends
63%
rest
61%
Who
61%
yeah
61%
don't
60%
Hopin'
58%
keep
57%
Prayin'
56%
long
55%
won't
54%
an
52%
waves
52%
these
51%
Think
51%
think
51%
this
51%
took
51%
feel,
50%
it's
50%
crashing
49%
end,
49%
end
49%
time
48%
past,
47%
us
47%
separate
46%
phone
45%
please
45%
fast,
44%
like
44%
riptide,
44%
nothing,
43%
stay
43%
(And
42%
And
42%
and
42%
lead
42%
Only
42%
only
42%
permanent
41%
know
40%
know?
40%
try
39%
I'm
35%
But
28%
want
27%
if
25%
up,
24%
Weird,
24%
illusion,
21%
is
21%
sticking
21%
story
21%
control.
19%
wake
19%
what
19%
mommy,
18%
about
17%
beautiful
17%
gonna
17%
hang
14%
alternative
13%
nothingness.
13%
abyss,
12%
Because
11%
darkness,
11%
just
11%
perfect.)
11%
hole,
9%
wants
7%
No matching quizzes found
Score Distribution
Percent of People with Each Score
Percentile by Number Answered
Your Score History
You have not taken this quiz since the last reset